Statistics for Movie Character to Actor #1

Click here to take the quiz!

General Stats

  • This quiz has been taken 44,941 times
    (29,496 since last reset)
  • The average score is 16 of 24

Answer Stats

CharacterActor% Correct
Capt. Jack SparrowJohnny Depp
91%
James BondSean Connery
86%
Harry PotterDaniel Radcliffe
85%
James BondDaniel Craig
84%
Hermione GrangerEmma Watson
83%
John RamboSylvester Stallone
82%
Ace VenturaJim Carrey
80%
James BondPierce Brosnan
77%
Austin PowersMike Myers
75%
Marty McFlyMichael J. Fox
71%
Happy GilmoreAdam Sandler
70%
James BondRoger Moore
69%
Greg FockerBen Stiller
65%
Ron BurgundyWill Ferrell
64%
Michael CorleoneAl Pacino
64%
Padmé AmidalaNatalie Portman
61%
Bella SwanKristen Stewart
60%
Vito CorleoneMarlon Brando
59%
Vito CorleoneRobert De Niro
55%
Tyler DurdenBrad Pitt
54%
James BondTimothy Dalton
53%
The DudeJeff Bridges
44%
James BondGeorge Lazenby
40%
BarbarellaJane Fonda
33%

Score Distribution

Percentile by Number Answered

Percent of People with Each Score

Your Score History

You have not taken this quiz since the last reset